00332 a2200121 4500020001500000082001500015100001900030245003900049260004200088300002600130650003600156700001800192 a0946641455 a707bL733l aDeegan, Sheila aLimerickbIntegrated Arts Strategy aLimerickbLimerick City Councilc2002 a64 pbil (col)c24 cm xarte modernoxestrategias- arte aSheila Deegan